The law of insolvency (Record no. 1978)

000 -LEADER
fixed length control field 00644nam a22002177a 4500
003 - CONTROL NUMBER IDENTIFIER
control field OSt
005 - DATE AND TIME OF LATEST TRANSACTION
control field 20151103100451.0
008 - FIXED-LENGTH DATA ELEMENTS--GENERAL INFORMATION
fixed length control field 151103b xxu||||| |||| 00| 0 eng d
020 ## - INTERNATIONAL STANDARD BOOK NUMBER
International Standard Book Number 9780421902701
050 ## - LIBRARY OF CONGRESS CALL NUMBER
Classification number KD2149 .F53 2009
100 ## - MAIN ENTRY--PERSONAL NAME
Personal name Fletcher, Ian F.
245 ## - TITLE STATEMENT
Title The law of insolvency
Statement of responsibility, etc Ian F. Fletcher
250 ## - EDITION STATEMENT
Edition statement 4th ed.
260 ## - PUBLICATION, DISTRIBUTION, ETC. (IMPRINT)
Place of publication, distribution, etc London
Name of publisher, distributor, etc Sweet & Maxwell
Date of publication, distribution, etc 2009
300 ## - PHYSICAL DESCRIPTION
Extent cxxxii, 1103 p
Dimensions 24 cm.
504 ## - BIBLIOGRAPHY, ETC. NOTE
Bibliography, etc Includes bibliographical references and index.
650 ## - SUBJECT ADDED ENTRY--TOPICAL TERM
Topical term or geographic name as entry element Bankruptcy--Great Britain.
650 ## - SUBJECT ADDED ENTRY--TOPICAL TERM
Topical term or geographic name as entry element Liquidation--Great Britain.
650 ## - SUBJECT ADDED ENTRY--TOPICAL TERM
Topical term or geographic name as entry element Corporate reorganizations--Great Britain.
942 ## - ADDED ENTRY ELEMENTS (KOHA)
Source of classification or shelving scheme
Koha item type Book
Holdings
Withdrawn status Lost status Source of classification or shelving scheme Damaged status Not for loan Home library Current library Shelving location Date acquired Total Checkouts Total Renewals Full call number Barcode Date last seen Date checked out Copy number Price effective from Koha item type
          Riara University Library Riara University Library General stack 03/11/2015 12 4 KD2149 .F53 2009 6640/15 28/04/2025 11/04/2025 C.1 03/11/2015 Book
          Riara University Library Riara University Library General stack 03/11/2015 11 1 KD2149 .F53 2009 6641/15 07/05/2025 03/04/2025 C.2 03/11/2015 Book
          Riara University Library Riara University Library General stack 03/11/2015 9 1 KD2149 .F53 2009 6642/15 04/08/2022 25/07/2022 C.3 03/11/2015 Book

Riara University Library,
P.O. Box 49940-00100,
Nairobi, Kenya.